Myths of the Hindus & Buddhists. With thirty two illustration in colour by indian artists under the supervision of Abanindro Nath Tagore C.I.E.

Salvato in:
Dettagli Bibliografici
Autori principali: Sister Nivedita (Autore), Noble, Margaret E. (Autore), Coomaraswamy, Ananda K. (Autore)
Natura: Libro
Lingua:inglese
Pubblicazione: Londres George G. Harrap & Co. 1916
Edizione:1a. ed
Soggetti:
Tags: Aggiungi Tag
Nessun Tag, puoi essere il primo ad aggiungerne!!

MARC

LEADER 00000nam a2200000 a 4500
001 UCJ7431
003 CL-VaPUC
008 070124e19160000UK |||||||||||||||||eng|d
082 0 4 |a 294  |b SIS  |2 21 
100 0 |a Sister Nivedita  |e author  |9 515820 
700 0 |a Noble, Margaret E.  |e author  |9 515821 
700 0 |a Coomaraswamy, Ananda K.  |e author  |9 515822 
245 1 0 |a Myths of the Hindus & Buddhists. With thirty two illustration in colour by indian artists under the supervision of Abanindro Nath Tagore C.I.E. 
250 |a 1a. ed 
300 |a xii, 417 p  
942 |c BK 
945 |d 20070124 00:00:00  |a rinostro 
260 |a Londres  |b George G. Harrap & Co.  |c 1916 
500 |a Ilustraciones conforme a lo señalado en índice 
650 7 |a BUDISMO  |2 CL-VaPUC  |9 515823 
650 0 |a Mitología   |9 255719 
650 0 |a Vedas  |9 515824 
650 0 |a Literatura hindú  |9 342647 
650 0 |a Hinduismo  |9 265212 
650 7 |a BRAHAMANISMO  |2 CL-VaPUC  |9 507133 
650 0 |a Ilustraciones  |9 369481 
651 0 |a India  |9 267804 
651 0 |a China   |9 257545 
583 |a last modification  |c 20070124 00:00:00  |k Rodrigo Vera 
999 |c 323516  |d 323514 
952 |0 0  |1 0  |4 0  |6 294_000000000000000_SIS_1916  |7 0  |8 X  |9 403189  |a FDOBUD  |b FDOBUD  |d 2019-11-22  |i 1063669  |o 294 SIS 1916  |p 1063669  |r 2019-11-22  |w 2019-11-22  |y BK_X  |k BUD